000 nam a22 a 4500
999 _c2061
_d2061
005 20170515104736.0
008 170515b1993 -ui||||| |||| 00| 0 eng d
020 _a0566076632
040 _aAKMAL
082 _a361.323 COU
090 _a361.323
_bCOU
100 _aDavid Couper
_94247
245 _a25 Roleplays for Developing
_bCounselling Skills /
_cDavid Couper
260 _aGreat Britian
_bAntony Roew
_c1993
300 _a205p.
_ccm
700 _aJacqueline Stewart
_94248
942 _2ddc
_cBOOK